LEADER 01046nam0-22003131i-450- 001 990005024560403321 005 20060628164953.0 035 $a000502456 035 $aFED01000502456 035 $a(Aleph)000502456FED01 035 $a000502456 100 $a19990604f19001997km-y0itay50------ba 101 0 $aita 105 $ay---c---00--- 200 1 $aHÉSIODE et les poètes èlègiaques et moralistes de la Grèce$eArchiloque - Callinos - Sémonide..., traduction nouvelle avec des notices$fdes notes et un index par E. Bergougnan 210 $aParis$cGarnier Frères$ds.d. 215 $a331 p.$d19 cm 702 1$aArchilochus 702 1$aBergougnan,$bE. 702 1$aCallinus$f<7. sec. a. C.> 702 1$aHesiodus$f<8.-7. sec. a. C.> 702 0$aSemonides$f<7. sec. a. C.> 801 0$aIT$bUNINA$gRICA$2UNIMARC 901 $aBK 912 $a990005024560403321 952 $aYS 25 159$bFil.Mod. 252$fFLFBC 959 $aFLFBC 996 $aHÉSIODE et les poètes èlègiaques et moralistes de la Grèce$9528969 997 $aUNINA